000 00811nam a22002177a 4500
003 0
005 20250129101835.0
008 150827b xxu||||| |||| 00| 0 eng d
050 _aPGS HQ 784.T4
_b.C112 2015
100 _aCabanting, Carlo C.
245 _aTv show preferences and study habits /
_cCarlo C. Cabanting.
260 _aLas PiƱas City, Philippines :
_bSouthville International School and Colleges,
_c2015.
300 _a30 p. :
_bill. ;
_c28 cm.
_fPASS
504 _aIncludes bibliographical references.
650 _2Library of Congress Subject Headings
_aTelevision and children.
650 _aTelevision
_vPsychological aspects.
650 _aStudy skills
_vPsychological aspects.
650 _aAcademic achievement
_vSocial aspects.
650 _aGrade six (Education).
942 _2lcc
_cPASS
999 _c288551
_d288551